La Revolución Francesa /
Sparad:
| Huvudupphovsman: | |
|---|---|
| Övriga upphovsmän: | |
| Materialtyp: | Text |
| Publicerad: |
México D.F.:
Grijalbo
|
| Taggar: |
Lägg till en tagg
Inga taggar, Lägg till första taggen!
|
MARC
| LEADER | 00000 a a2200000 04500 | ||
|---|---|---|---|
| 001 | 24325 | ||
| 003 | |||
| 040 | |||
| 090 | |a 166600 | ||
| 100 | |a Thorez, Maurice | ||
| 245 | |a La Revolución Francesa / |c Maurice Thorez | ||
| 260 | |a México D.F.: |b Grijalbo | ||
| 300 | |a 157 p. | ||
| 700 | |a Duclós, Jacques |a Politzer, Jorge |a Peri, Gabriel |a Bouthonnier, Paul |a Fajon, Etienne |a Prenant, Marcel |a Billiet, Joseph |a Jackson, T. A. | ||
| 999 | |c 16802 |d 16802 | ||
